[Event "ch-RUS Blitz 2017"]
[Site "Sochi RUS"]
[Date "2017.10.02"]
[Round "8.6"]
[White "Alekseenko, Kirill"]
[Black "Fedoseev, Vladimir3"]
[Result "1-0"]
[WhiteTitle "GM"]
[BlackTitle "GM"]
[WhiteElo "2563"]
[BlackElo "2731"]
[WhiteFideId "4135539"]
[BlackFideId "24130737"]
[EventDate "2017.10.02"]
[EventType "blitz"]

1. e4 e6 2. d4 d5 3. Nd2 b6 4. Ngf3 Bb7 5. e5 c5 6. c3 Ne7 7. Bb5+ Nbc6 8. O-O
a6 9. Bd3 Ng6 10. Re1 Nf4 11. Bb1 g5 12. Nf1 g4 13. Bxf4 gxf3 14. Qxf3 cxd4 15.
Ng3 dxc3 16. bxc3 Qc7 17. Bg5 Be7 18. Bf6 Bxf6 19. Qxf6 Rf8 20. Bxh7 Qe7 21.
Rab1 Qxf6 22. exf6 b5 23. a4 Na7 24. Bd3 Bc6 25. Nf5 Kd7 26. Nd4 Rfb8 27. a5 Rh8
28. Nf3 Kd6 29. g4 Rag8 30. Ne5 Be8 31. f4 Rh6 32. g5 Rxf6 33. Rf1 Rh6 34. Ng4
Rhh8 35. Nf6 Rg7 36. h4 Bc6 37. h5 Nc8 38. Kf2 Ne7 39. h6 Rg6 40. Bxg6 Nxg6 41.
Kg3 Ne7 42. Rbe1 Nf5+ 43. Kg4 Ke7 44. h7 Nd6 45. f5 Ne4 46. Nxe4 dxe4 47. f6+
Kd6 48. Rh1 e3 49. Rh2 Be4 50. Rxe3 Rxh7 51. Rxh7 Bxh7 52. Kh5 e5 53. Kg4 Bg6
54. Re1 Kd5 55. Rd1+ Kc5 56. Rd7 b4 57. cxb4+ Kxb4 58. Rd5 e4 59. Kf4 Kc4 60.
Re5 Kb4 61. Rxe4+ Kxa5 62. Re8 1-0

[Event "ch-RUS Blitz 2017"]
[Site "Sochi RUS"]
[Date "2017.10.02"]
[Round "8.7"]
[White "Kezin, Roman"]
[Black "Bocharov, Dmitry"]
[Result "1-0"]
[WhiteTitle "FM"]
[BlackTitle "GM"]
[WhiteElo "2455"]
[BlackElo "2585"]
[WhiteFideId "24124621"]
[BlackFideId "4138716"]
[EventDate "2017.10.02"]
[EventType "blitz"]

1. d4 g6 2. c4 Bg7 3. Nc3 c5 4. d5 Bxc3+ 5. bxc3 f5 6. e4 fxe4 7. f3 Nf6 8. fxe4
d6 9. Nf3 Bg4 10. Qa4+ Qd7 11. Qc2 Bxf3 12. gxf3 Qc7 13. Bh3 Nbd7 14. Qa4 O-O
15. Bh6 Ne5 16. O-O Nh5 17. f4 Nd3 18. Be6+ Kh8 19. Bxf8 Rxf8 20. f5 g5 21. Qc2
Ne5 22. Kh1 Nf6 23. Rg1 g4 24. h3 h5 25. Qd2 Kh7 26. hxg4 hxg4 27. Kg2 Rg8 28.
Rh1+ Kg7 29. Qh6# 1-0

[Event "ch-RUS Blitz 2017"]
[Site "Sochi RUS"]
[Date "2017.10.02"]
[Round "8.8"]
[White "Potkin, Vladimir"]
[Black "Morozevich, Alexander"]
[Result "1/2-1/2"]
[WhiteTitle "GM"]
[BlackTitle "GM"]
[WhiteElo "2574"]
[BlackElo "2676"]
[WhiteFideId "4131061"]
[BlackFideId "4116992"]
[EventDate "2017.10.02"]
[EventType "blitz"]

1. e4 c5 2. Nf3 e6 3. c3 d5 4. exd5 exd5 5. d4 Nc6 6. Bb5 Bd6 7. dxc5 Bxc5 8.
O-O Ne7 9. Nbd2 O-O 10. Nb3 Bb6 11. Re1 Bg4 12. h3 Bh5 13. Be3 Bc7 14. Bc5 Re8
15. Be2 Ng6 16. Nfd4 Bxe2 17. Rxe2 Qg5 18. Rxe8+ Rxe8 19. Qg4 Qe5 20. g3 h5 21.
Qf5 h4 22. Qxe5 Ncxe5 23. Re1 hxg3 24. fxg3 a6 25. Kg2 f6 26. Re2 Kf7 27. Nf5
Nd3 28. Rd2 Nge5 29. Bd6 Rc8 30. Bxe5 Nxe5 31. Rxd5 Ke6 32. Ne3 Bb6 33. Nd4+
Bxd4 34. Rxd4 b5 35. g4 g6 36. Kg3 f5 37. a4 Rb8 38. axb5 Rxb5 39. b4 a5 40. Kf4
fxg4 41. hxg4 g5+ 42. Ke4 Nc6 43. Rc4 Ne7 44. Nc2 Re5+ 45. Kd3 axb4 46. cxb4 Nd5
47. Nd4+ Kd7 48. Nf5 Nf4+ 49. Kd4 Rb5 50. Kc3 Nd5+ 51. Kb3 Nf6 52. Ne3 Kd6 53.
Ka4 Rb8 54. b5 Ke5 55. Kb4 Ne4 56. Rc1 Kd4 57. Nf5+ Ke5 58. Re1 Kf4 59. Ne7 Nd6
60. Kc5 Rxb5+ 61. Kxd6 Kxg4 1/2-1/2

[Event "ch-RUS Blitz 2017"]
[Site "Sochi RUS"]
[Date "2017.10.02"]
[Round "8.9"]
[White "Alekseev, Evgeny"]
[Black "Gogolev, Artem"]
[Result "0-1"]
[WhiteTitle "GM"]
[WhiteElo "2622"]
[BlackElo "2408"]
[WhiteFideId "4138147"]
[BlackFideId "4116615"]
[EventDate "2017.10.02"]
[EventType "blitz"]

1. e4 e5 2. Nf3 Nc6 3. Bc4 Bc5 4. O-O Nf6 5. d3 h6 6. c3 d6 7. Bb3 O-O 8. h3 a6
9. Re1 Bb6 10. Nbd2 Ne7 11. d4 exd4 12. cxd4 Ng6 13. Bc2 Re8 14. Nf1 c5 15. d5
Ba5 16. Bd2 b5 17. Ng3 Bd7 18. a3 c4 19. Nd4 Rc8 20. Ngf5 Bxf5 21. Nxf5 c3 22.
bxc3 Bxc3 23. Rb1 Qd7 24. Bd3 Ne5 25. Bf1 Bxd2 26. Qxd2 Nc4 27. Bxc4 Rxc4 28. f3
Nh5 29. Rbc1 Rec8 30. Kh2 Qd8 31. Rxc4 Rxc4 32. g4 Nf6 33. g5 Nh5 34. gxh6 g6
35. Ne3 Rc7 36. Rg1 Qf6 37. Ng4 0-1

[Event "ch-RUS Blitz 2017"]
[Site "Sochi RUS"]
[Date "2017.10.02"]
[Round "8.10"]
[White "Palchun, Grigory"]
[Black "Savchenko, Boris"]
[Result "0-1"]
[BlackTitle "GM"]
[WhiteElo "2441"]
[BlackElo "2581"]
[WhiteFideId "24147338"]
[BlackFideId "4147332"]
[EventDate "2017.10.02"]
[EventType "blitz"]

1. d4 Nf6 2. Bf4 d5 3. e3 c5 4. c3 Nc6 5. Nd2 Bf5 6. Ngf3 e6 7. Nh4 Bg4 8. Qb3
Qd7 9. h3 Bh5 10. g4 Bg6 11. Nxg6 hxg6 12. Bg2 c4 13. Qc2 Bd6 14. Bxd6 Qxd6 15.
e4 Qf4 16. O-O-O Qxf2 17. exd5 exd5 18. Rde1+ Kf8 19. Rhg1 Re8 20. Ref1 Qe3 21.
Kb1 Kg8 22. Nf3 Ne4 23. Re1 Qf4 24. Rgf1 Re6 25. Ka1 Qg3 26. Re3 g5 27. Qe2 Qd6
28. Ne5 Nxe5 29. Bxe4 dxe4 30. dxe5 Rxe5 31. Rxe4 Rxe4 32. Qxe4 Qd3 33. Qg2 Rxh3
34. Qf2 f6 35. Re1 b6 36. a3 Qd7 37. Qg2 Rd3 38. Re2 Kf7 39. Qe4 Qc8 40. b3 b5
41. a4 bxa4 42. bxc4 Rd1+ 43. Ka2 Rd6 44. c5 Qe6+ 0-1

[Event "ch-RUS Blitz 2017"]
[Site "Sochi RUS"]
[Date "2017.10.02"]
[Round "8.11"]
[White "Zvjaginsev, Vadim"]
[Black "Murzin, Volodar"]
[Result "1-0"]
[WhiteTitle "GM"]
[BlackTitle "FM"]
[WhiteElo "2643"]
[BlackElo "2280"]
[WhiteFideId "4113403"]
[BlackFideId "44155573"]
[EventDate "2017.10.02"]
[EventType "blitz"]

1. e4 c5 2. Nf3 d6 3. Bd3 Nc6 4. O-O Nf6 5. Re1 g6 6. Bb5 Bd7 7. c3 Bg7 8. d4
cxd4 9. cxd4 O-O 10. Nc3 a6 11. Bxc6 Bxc6 12. h3 Rc8 13. Bg5 h6 14. Bh4 Re8 15.
d5 Bd7 16. e5 dxe5 17. Nxe5 Bf5 18. Qf3 Qd6 19. g4 Bd7 20. Re2 Bb5 21. Ree1 Rxc3
22. bxc3 Qxd5 23. Qxd5 Nxd5 24. a4 Bxe5 25. Rxe5 Bc6 26. c4 Nf4 27. Kh2 g5 1-0

[Event "ch-RUS Blitz 2017"]
[Site "Sochi RUS"]
[Date "2017.10.02"]
[Round "8.12"]
[White "Korotylev, Alexey"]
[Black "Dubov, Daniil"]
[Result "0-1"]
[WhiteTitle "GM"]
[BlackTitle "GM"]
[WhiteElo "2573"]
[BlackElo "2666"]
[WhiteFideId "4119142"]
[BlackFideId "24126055"]
[EventDate "2017.10.02"]
[EventType "blitz"]

1. Nf3 c5 2. c4 Nf6 3. g3 b6 4. Bg2 Bb7 5. O-O g6 6. b3 Bg7 7. Bb2 O-O 8. Nc3 d6
9. d4 cxd4 10. Nxd4 Bxg2 11. Kxg2 Qc8 12. e4 Qb7 13. f3 Nbd7 14. Qe2 Rfe8 15.
Rfd1 a6 16. Rab1 Rac8 17. a4 e6 18. Kg1 d5 19. e5 Nh5 20. f4 dxc4 21. Ne4 Bf8
22. bxc4 Nc5 23. Nd6 Bxd6 24. exd6 Rcd8 25. Nf3 f6 26. a5 Qc6 27. axb6 Rxd6 28.
Rxd6 Qxd6 29. Bd4 Qc6 30. Qe3 Nb7 31. g4 Nxf4 32. Qxf4 e5 33. Nxe5 fxe5 34. Bxe5
Rf8 35. Qd4 Rd8 36. Qf2 Qe4 37. Re1 Qxg4+ 38. Kh1 Qxc4 39. Qf6 Qd5+ 40. Kg1 Qc5+
41. Kh1 0-1

[Event "ch-RUS Blitz 2017"]
[Site "Sochi RUS"]
[Date "2017.10.02"]
[Round "8.13"]
[White "Popov, Ivan RUS"]
[Black "Tomashevsky, Evgeny"]
[Result "1/2-1/2"]
[WhiteTitle "GM"]
[BlackTitle "GM"]
[WhiteElo "2599"]
[BlackElo "2710"]
[WhiteFideId "4170350"]
[BlackFideId "4147235"]
[EventDate "2017.10.02"]
[EventType "blitz"]

1. e4 c6 2. Nc3 d5 3. Nf3 Bg4 4. h3 Bxf3 5. Qxf3 e6 6. Be2 Nd7 7. d4 g6 8. O-O
Bg7 9. Be3 Ne7 10. Rad1 O-O 11. Bg5 Re8 12. Rfe1 Qa5 13. exd5 Nxd5 14. Ne4 h6
15. Nd6 Rf8 16. Bh4 Qb4 17. Bg3 Qxb2 18. Rb1 Qxd4 19. Rxb7 Ne5 20. Bxe5 Qxe5 21.
Nxf7 Qf5 22. Qxf5 exf5 23. Nd6 Rfd8 24. Nc4 Re8 25. Kf1 Rab8 26. Rxb8 Rxb8 27.
Bf3 Bc3 28. Rd1 Rb5 29. Nd6 Rc5 30. Nb7 Rb5 31. Nd8 Ne7 32. Nxc6 Nxc6 33. Bxc6
Rb6 34. Rd8+ Kf7 35. Bd5+ Ke7 36. Ra8 a5 37. Bb3 Rd6 38. Ra7+ Kf6 39. g3 g5 40.
Rc7 Bd4 41. Kg2 h5 42. Rf7+ Kg6 43. Re7 g4 44. Re6+ Rxe6 45. Bxe6 gxh3+ 46. Kxh3
Bxf2 1/2-1/2

[Event "ch-RUS Blitz 2017"]
[Site "Sochi RUS"]
[Date "2017.10.02"]
[Round "8.14"]
[White "Belyakov, Bogdan"]
[Black "Inarkiev, Ernesto"]
[Result "1-0"]
[WhiteTitle "IM"]
[BlackTitle "GM"]
[WhiteElo "2486"]
[BlackElo "2694"]
[WhiteFideId "24104795"]
[BlackFideId "4162722"]
[EventDate "2017.10.02"]
[EventType "blitz"]

1. e4 c5 2. c3 Nf6 3. e5 Nd5 4. Bc4 e6 5. Nf3 d6 6. d4 cxd4 7. cxd4 Be7 8. O-O
O-O 9. Qe2 b6 10. Nc3 Nxc3 11. bxc3 Bb7 12. Bd3 Nc6 13. Qe4 g6 14. Bh6 Re8 15.
Qf4 dxe5 16. Nxe5 Nxe5 17. Qxe5 Bf6 18. Qg3 Rc8 19. Bb5 Re7 20. Rfe1 Rec7 21.
Re3 Qd5 22. a4 Qb3 23. Qf4 Bh8 24. Rc1 a6 25. Bf1 Qxa4 26. h4 b5 27. Qd6 Qa2 28.
c4 Bg7 29. Bxg7 Kxg7 30. Qe5+ f6 31. Qxe6 Qd2 32. Rce1 bxc4 33. Qd6 Rf7 34. Re7
Rf8 35. Bxc4 Rxe7 36. Qxe7+ Kh6 37. Qxf8+ Kh5 38. Be2+ Kxh4 39. Qxf6+ 1-0

[Event "ch-RUS Blitz 2017"]
[Site "Sochi RUS"]
[Date "2017.10.02"]
[Round "8.15"]
[White "Sjugirov, Sanan"]
[Black "Usmanov, Vasily"]
[Result "1-0"]
[WhiteTitle "GM"]
[BlackTitle "IM"]
[WhiteElo "2650"]
[BlackElo "2459"]
[WhiteFideId "4189302"]
[BlackFideId "4135741"]
[EventDate "2017.10.02"]
[EventType "blitz"]

1. d4 Nf6 2. c4 e6 3. Nf3 Bb4+ 4. Nbd2 O-O 5. g3 b6 6. Bg2 Bb7 7. O-O d5 8. Ne5
Nfd7 9. Nd3 Be7 10. cxd5 exd5 11. Nf3 Re8 12. Bf4 c5 13. Nde5 Nxe5 14. Nxe5 Nd7
15. Rc1 Nxe5 16. Bxe5 c4 17. Rxc4 f6 18. Bf4 g5 19. Rc7 Ba6 20. Qb3 gxf4 21.
Qxd5+ Kf8 22. Rd7 Qc8 23. Bh3 Bc4 24. Qh5 Qc6 25. d5 Qb5 26. Be6 Kg7 27. Qf7+
Kh8 28. Bf5 1-0

[Event "ch-RUS Blitz 2017"]
[Site "Sochi RUS"]
[Date "2017.10.02"]
[Round "8.16"]
[White "Popov, Mikhail"]
[Black "Sarana, Alexey"]
[Result "0-1"]
[WhiteTitle "FM"]
[BlackTitle "GM"]
[WhiteElo "2416"]
[BlackElo "2541"]
[WhiteFideId "4146182"]
[BlackFideId "24133795"]
[EventDate "2017.10.02"]
[EventType "blitz"]

1. d4 Nf6 2. Bf4 d5 3. e3 c5 4. Nf3 Nc6 5. Nbd2 e6 6. c3 cxd4 7. exd4 Nh5 8. Bg5
f6 9. Be3 Bd6 10. Ne5 g6 11. Nxc6 bxc6 12. g3 O-O 13. Be2 Ng7 14. Bh6 Re8 15.
Nb3 e5 16. Bxg7 Kxg7 17. dxe5 fxe5 18. O-O Bh3 19. Re1 Qf6 20. Bg4 Bxg4 21. Qxg4
Re7 22. Re2 Rf8 23. Rd1 e4 24. Nd4 Bc5 25. b4 Bb6 26. a4 a5 27. b5 h5 28. Qh3
Bxd4 29. cxd4 Qf3 30. Rde1 cxb5 31. axb5 a4 32. Qf1 e3 33. fxe3 Qe4 34. Qg2 Rf3
35. b6 Ref7 36. b7 Rxb7 37. Rf2 Rbf7 38. Rxf3 Rxf3 39. Qd2 Rf7 40. Qb4 Qf3 41.
Qd2 a3 42. Ra1 Rb7 43. Qf2 Qe4 44. Rf1 Qe7 45. Ra1 Rb3 46. Kg2 Qe4+ 47. Kh3 Qg4+
48. Kg2 Rb2 0-1

[Event "ch-RUS Blitz 2017"]
[Site "Sochi RUS"]
[Date "2017.10.02"]
[Round "8.17"]
[White "Antonenko, Vladimir"]
[Black "Rozum, Ivan"]
[Result "1/2-1/2"]
[WhiteTitle "FM"]
[BlackTitle "GM"]
[WhiteElo "2330"]
[BlackElo "2590"]
[WhiteFideId "24159409"]
[BlackFideId "24104272"]
[EventDate "2017.10.02"]
[EventType "blitz"]

1. d4 d6 2. Nf3 Nf6 3. c4 g6 4. Nc3 Bf5 5. Qb3 b6 6. Ng5 h6 7. e4 Bc8 8. Nf3 Bg7
9. Be2 O-O 10. O-O c5 11. d5 e6 12. h3 Na6 13. Be3 e5 14. Nh2 Nh7 15. Qc2 f5 16.
exf5 gxf5 17. f4 exf4 18. Bxf4 Nc7 19. Rae1 Ng5 20. Bd3 Qf6 21. Kh1 Bd7 22. Rf2
Rae8 23. Ref1 Nf7 24. Bc1 Ne5 25. Bxf5 Bxf5 26. Rxf5 Qe7 27. b3 Rxf5 28. Rxf5
Rf8 29. Rxf8+ Qxf8 30. Ne4 Ne8 31. Qe2 Nf6 32. Nxf6+ Qxf6 33. Bb2 Qf5 34. Bxe5
dxe5 35. Ng4 h5 36. Nf2 Qf4 37. Ne4 h4 38. Qg4 Qf1+ 39. Kh2 Qe1 40. Qe6+ Kh8 41.
Qe8+ Kh7 42. Ng5+ Kh6 43. Nf7+ Kh7 44. Ng5+ Kh6 45. Nf7+ Kh7 46. Qe6 Qg3+ 47.
Kh1 Qe1+ 1/2-1/2

[Event "ch-RUS Blitz 2017"]
[Site "Sochi RUS"]
[Date "2017.10.02"]
[Round "8.18"]
[White "Ivlev, Aleksey"]
[Black "Yuffa, Daniil"]
[Result "0-1"]
[WhiteTitle "FM"]
[BlackTitle "GM"]
[WhiteElo "2259"]
[BlackElo "2527"]
[WhiteFideId "24185949"]
[BlackFideId "24131423"]
[EventDate "2017.10.02"]
[EventType "blitz"]

1. d4 Nf6 2. c4 c5 3. d5 g6 4. Nc3 Bg7 5. e4 O-O 6. Nf3 d6 7. Be2 e6 8. O-O exd5
9. cxd5 Re8 10. Nd2 Nbd7 11. Qc2 Nh5 12. Bxh5 gxh5 13. Nf3 Ne5 14. Nxe5 Bxe5 15.
Ne2 h4 16. Bf4 Bxf4 17. Nxf4 Qg5 18. g3 h3 19. f3 Bd7 20. Rae1 h5 21. Kh1 Re7
22. Nd3 Rae8 23. e5 Bf5 24. f4 Qg6 25. Re3 dxe5 26. fxe5 Bxd3 27. Qxd3 Qxd3 28.
Rxd3 Rxe5 29. d6 Re2 30. Rd5 Rf2 31. Rg1 0-1

[Event "ch-RUS Blitz 2017"]
[Site "Sochi RUS"]
[Date "2017.10.02"]
[Round "8.19"]
[White "Novikov, Maxim"]
[Black "Triapishko, Alexandr"]
[Result "0-1"]
[WhiteTitle "GM"]
[BlackTitle "IM"]
[WhiteElo "2501"]
[BlackElo "2500"]
[WhiteFideId "4161289"]
[BlackFideId "14122286"]
[EventDate "2017.10.02"]
[EventType "blitz"]

1. e4 e5 2. Nf3 Nc6 3. Bc4 Nf6 4. d3 h6 5. Nc3 d6 6. h3 g6 7. Be3 Bg7 8. Qd2 Be6
9. Bxe6 fxe6 10. d4 exd4 11. Nxd4 Nxd4 12. Bxd4 O-O 13. O-O-O Nh5 14. Bxg7 Kxg7
15. f3 Qf6 16. Rhe1 Qe5 17. Qd4 Qxd4 18. Rxd4 Nf4 19. Rd2 g5 20. Nd1 h5 21. Ne3
h4 22. c4 b6 23. Red1 Kf6 24. Kc2 a5 25. b3 Ke7 26. e5 Rad8 27. exd6+ Rxd6 28.
Rxd6 cxd6 29. Rd2 Rc8 30. Kb2 Rc5 31. Ng4 b5 32. cxb5 Rxb5 33. Ka3 Rc5 34. Ne3
d5 35. Ka4 e5 36. b4 axb4 37. Kxb4 Kd6 38. Nf5+ Kc6 39. Ne7+ Kb6 40. a4 Rc4+ 41.
Kb3 Kc5 42. Nf5 d4 43. g3 Rc3+ 44. Ka2 hxg3 45. Nxg3 Kb4 46. Rb2+ Kxa4 47. Ne4
Ra3+ 48. Kb1 Rxf3 49. Nxg5 Rf1+ 50. Ka2 Nd3 51. Rd2 Nb4+ 52. Kb2 Kb5 53. Ne4 Kc4
54. Nd6+ Kd5 55. Nb5 Rh1 56. Kb3 Nc6 57. Nc3+ Ke6 58. Ne4 Rxh3+ 59. Kc4 Re3 60.
Nc5+ Kd6 61. Kb5 Kd5 62. Rh2 Rc3 63. Na4 Rb3+ 64. Ka6 d3 65. Nb6+ Kd4 66. Rh6
Nb4+ 67. Ka7 Nd5 68. Rh4+ e4 69. Nd7 d2 0-1

[Event "ch-RUS Blitz 2017"]
[Site "Sochi RUS"]
[Date "2017.10.02"]
[Round "8.20"]
[White "Lugovskoy, Maxim"]
[Black "Utnasunov, Alexander"]
[Result "0-1"]
[WhiteTitle "GM"]
[WhiteElo "2474"]
[BlackElo "2446"]
[WhiteFideId "24126454"]
[BlackFideId "4134524"]
[EventDate "2017.10.02"]
[EventType "blitz"]

1. e4 c5 2. Nf3 d6 3. Bb5+ Bd7 4. Bxd7+ Nxd7 5. O-O Ngf6 6. Qe2 e6 7. c3 Be7 8.
d4 cxd4 9. cxd4 d5 10. e5 Ne4 11. Ne1 Qb6 12. f3 Ng5 13. h4 Qxd4+ 14. Be3 Qxh4
15. Nd2 O-O 16. Nd3 Qg3 17. Bxg5 Bxg5 18. f4 Be7 19. Rf3 Qg6 20. f5 exf5 21. Nf4
Qb6+ 22. Kh1 Qxb2 23. Rb1 Qxe5 24. Rxb7 Qxe2 25. Nxe2 Rfd8 26. Rxf5 Bf8 27. Rxd5
Nf6 28. Rxd8 Rxd8 29. Nf3 a5 30. Ra7 Rd5 31. Nf4 Rf5 32. Nd3 g5 33. Kh2 h5 34.
Nfe5 Bd6 35. Rxa5 Bxe5+ 36. Nxe5 Rxe5 37. Ra6 Kg7 38. a4 Re3 39. a5 Ng4+ 0-1

[Event "ch-RUS Blitz 2017"]
[Site "Sochi RUS"]
[Date "2017.10.02"]
[Round "8.21"]
[White "Oganian, Miran"]
[Black "Zakaryan, David"]
[Result "1-0"]
[WhiteTitle "IM"]
[BlackTitle "FM"]
[WhiteElo "2454"]
[BlackElo "2293"]
[WhiteFideId "4122488"]
[BlackFideId "24101923"]
[EventDate "2017.10.02"]
[EventType "blitz"]

1. d4 d5 2. c4 c6 3. Nf3 Nf6 4. Qc2 Bg4 5. Ne5 Nbd7 6. Nxg4 Nxg4 7. Nc3 e6 8. e3
Bb4 9. Bd2 O-O 10. Be2 f5 11. O-O Qh4 12. h3 Bd6 13. Be1 Qh6 14. Kh1 Ndf6 15.
cxd5 cxd5 16. Bd2 Rac8 17. e4 Qh4 18. e5 Nxf2+ 19. Rxf2 Qxf2 20. Qd3 Ne4 21.
exd6 Rxc3 22. bxc3 Ng3+ 23. Kh2 Nxe2 24. Bg5 h6 25. Be7 Qf4+ 26. Kh1 Ng3+ 27.
Kg1 Ne4 28. d7 Qc7 29. Bxf8 Kxf8 30. Qb5 Ke7 31. Rc1 Qxd7 32. Qb4+ Kf7 33. Rf1
h5 34. a4 b6 35. a5 bxa5 36. Qxa5 Kg6 37. Qb4 Qc7 38. Rf3 h4 39. Qf8 Qc6 40. Qe7
Nf6 41. Re3 1-0

[Event "ch-RUS Blitz 2017"]
[Site "Sochi RUS"]
[Date "2017.10.02"]
[Round "8.22"]
[White "Kryakvin, Dmitry"]
[Black "Savitskiy, Sergey"]
[Result "1/2-1/2"]
[WhiteTitle "GM"]
[BlackTitle "IM"]
[WhiteElo "2583"]
[BlackElo "2412"]
[WhiteFideId "4153278"]
[BlackFideId "24105660"]
[EventDate "2017.10.02"]
[EventType "blitz"]

1. d4 Nf6 2. Bg5 Ne4 3. Bf4 d5 4. e3 c5 5. Bd3 cxd4 6. Bxe4 dxe4 7. exd4 Nc6 8.
Ne2 e5 9. dxe5 Qxd1+ 10. Kxd1 Bg4 11. Nc3 O-O-O+ 12. Ke1 Bb4 13. a3 Bxc3+ 14.
Nxc3 Rhe8 15. h3 Bf5 16. Rd1 Rxd1+ 17. Nxd1 Nxe5 18. Ne3 Bd7 19. Bxe5 Rxe5 20.
g4 h5 21. Rg1 hxg4 22. hxg4 Kc7 23. Kd2 Rg5 24. Rg3 Be6 25. c4 Kd6 26. Kc3 Ke5
27. b4 g6 28. a4 f5 29. gxf5 Rxg3 30. fxg3 gxf5 31. b5 b6 32. Ng2 Bg8 33. Nf4
Bf7 34. Ne2 Be6 35. Nd4 Bd7 36. Nc2 Be6 37. Ne3 Bf7 38. c5 bxc5 39. a5 f4 40.
gxf4+ Kd6 41. f5 Be8 42. Nc4+ Kd5 43. f6 Ke6 44. b6 axb6 45. axb6 Bc6 46. f7 Ke7
47. Ne5 Bd5 48. Kd2 c4 49. Kd1 Ba8 50. Ke2 Bd5 51. Kd2 Ba8 52. Nxc4 Kxf7 53. Ke3
Ke6 54. Kd4 Kd7 55. Kc5 Bb7 56. Ne3 Kc8 57. Nf5 Kb8 58. Kd4 1/2-1/2

[Event "ch-RUS Blitz 2017"]
[Site "Sochi RUS"]
[Date "2017.10.02"]
[Round "8.23"]
[White "Selin, Vladimir"]
[Black "Dzhumagaliev, Yan"]
[Result "1-0"]
[BlackTitle "FM"]
[WhiteElo "2322"]
[BlackElo "2400"]
[WhiteFideId "4168321"]
[BlackFideId "24100110"]
[EventDate "2017.10.02"]
[EventType "blitz"]

1. e4 c5 2. d3 Nc6 3. g3 g6 4. Bg2 Bg7 5. f4 Rb8 6. Nf3 b5 7. O-O e6 8. c3 b4 9.
Be3 d6 10. d4 cxd4 11. cxd4 d5 12. e5 Nge7 13. Nbd2 Ba6 14. Re1 h5 15. Nb3 Bb5
16. Bf2 O-O 17. Qd2 a5 18. h3 a4 19. Nc5 Na5 20. b3 axb3 21. axb3 Nec6 22. g4
hxg4 23. hxg4 Nb7 24. Bh4 Qc7 25. Nxb7 Qxb7 26. Qf2 Ra8 27. Bf6 Rxa1 28. Rxa1
Ra8 29. Rd1 Bxf6 30. exf6 Kf8 31. Qh4 Ke8 32. Qh7 Be2 33. Qg8+ Kd7 34. Qxf7+ Kc8
35. Qxe6+ Kb8 36. Qxe2 1-0

[Event "ch-RUS Blitz 2017"]
[Site "Sochi RUS"]
[Date "2017.10.02"]
[Round "8.24"]
[White "Sharafiev, Azat"]
[Black "Novikov, Konstantin"]
[Result "0-1"]
[WhiteTitle "IM"]
[WhiteElo "2433"]
[BlackElo "2227"]
[WhiteFideId "4186214"]
[BlackFideId "24163554"]
[EventDate "2017.10.02"]
[EventType "blitz"]

1. Nf3 Nf6 2. g3 c5 3. Bg2 Nc6 4. O-O g6 5. d4 cxd4 6. Nxd4 Bg7 7. c4 O-O 8. Nc3
Nxd4 9. Qxd4 d6 10. Bg5 Be6 11. Qd3 Rc8 12. b3 b6 13. Rac1 Rc5 14. Be3 Rc8 15.
Rfd1 Qd7 16. Bd4 Bf5 17. e4 Bg4 18. f3 Bh3 19. Bxf6 Bxf6 20. Nd5 Bxg2 21. Nxf6+
exf6 22. Kxg2 Rc6 23. Qe3 Qe6 24. Qf4 Qe5 25. Rd5 Qb2+ 26. Qd2 Qxd2+ 27. Rxd2
Re8 28. Rcd1 Re6 29. g4 Kf8 30. Rd5 Ke7 31. h4 Re5 32. Kg3 a6 33. a4 b5 34. cxb5
axb5 35. a5 b4 36. Ra1 Ra6 37. Kf4 Ke6 38. Rxe5+ fxe5+ 39. Kg5 f6+ 40. Kh6 Ra7
41. a6 f5 42. gxf5+ gxf5 43. Ra4 d5 44. exd5+ Kxd5 45. Rxb4 e4 46. fxe4+ fxe4
47. Rb5+ Kd6 48. Rb6+ Ke5 49. b4 e3 50. b5 e2 51. Rb8 Re7 52. a7 e1=Q 53. a8=Q
Qxh4# 0-1

[Event "ch-RUS Blitz 2017"]
[Site "Sochi RUS"]
[Date "2017.10.02"]
[Round "8.25"]
[White "Potapov, Pavel"]
[Black "Alexeev, Alexey"]
[Result "1/2-1/2"]
[WhiteTitle "GM"]
[BlackTitle "IM"]
[WhiteElo "2479"]
[BlackElo "2299"]
[WhiteFideId "4169786"]
[BlackFideId "14106663"]
[EventDate "2017.10.02"]
[EventType "blitz"]

1. e4 e5 2. Nf3 Nc6 3. Bb5 a6 4. Ba4 Nf6 5. Bxc6 dxc6 6. d3 Bd6 7. Nbd2 O-O 8.
b3 Re8 9. Bb2 Nd7 10. g3 f6 11. Nc4 c5 12. O-O Nf8 1/2-1/2

[Event "ch-RUS Blitz 2017"]
[Site "Sochi RUS"]
[Date "2017.10.02"]
[Round "8.26"]
[White "Magomedov, Murad"]
[Black "Korchmar, Vasiliy"]
[Result "1/2-1/2"]
[WhiteTitle "FM"]
[BlackTitle "IM"]
[WhiteElo "2280"]
[BlackElo "2399"]
[WhiteFideId "4192630"]
[BlackFideId "24131750"]
[EventDate "2017.10.02"]
[EventType "blitz"]

1. d4 Nf6 2. c4 e6 3. Nc3 Bb4 4. Qc2 b6 5. a3 Bxc3+ 6. Qxc3 Bb7 7. Bg5 h6 8. Bh4
d6 9. f3 Nbd7 10. e4 e5 11. d5 Nf8 12. Bd3 Ng6 13. Bf2 Nf4 14. g3 Nxd3+ 15. Qxd3
a5 16. b3 O-O 17. Ne2 Bc8 18. g4 Nd7 19. O-O Nc5 20. Qc2 a4 21. b4 Nb3 22. Rad1
Bd7 23. Nc1 h5 24. h3 g6 25. Kh2 Qg5 26. Rd3 hxg4 27. hxg4 Kg7 28. Nxb3 axb3 29.
Qxb3 Rh8+ 30. Kg2 Rh7 31. Rh1 Rxh1 32. Kxh1 f5 33. Kg2 fxe4 34. fxe4 Qxg4+ 35.
Rg3 Qxe4+ 36. Qf3 Bf5 37. Qxe4 Bxe4+ 38. Kf1 Rh8 39. Ke1 Rh1+ 40. Rg1 Rh3 41.
Rg3 Rh2 42. Ke2 Kf6 43. Ke3 Bf5 44. c5 bxc5 45. bxc5 Rh1 46. Rg1 Rh3+ 47. Rg3
Rh8 48. cxd6 cxd6 49. Rg1 Ra8 50. Ra1 Ra4 51. Kd2 Be4 52. Bh4+ g5 53. Rf1+ Kg6
54. Rg1 Bxd5 55. Bxg5 Kf5 56. Be7 Ke6 57. Bf8 Be4 58. Rg7 Rxa3 59. Re7+ Kd5 60.
Rd7 Ra2+ 61. Kc3 Ra3+ 62. Kb4 Ra6 63. Kc3 Rc6+ 64. Kd2 Ke6 65. Re7+ Kd5 66. Rd7
Rc2+ 67. Ke3 Rc3+ 68. Ke2 Rc6 69. Ke3 Bg2 70. Ke2 Bh3 71. Rd8 Bg4+ 72. Ke3 Bf5
73. Ke2 Bc2 74. Kd2 Bb3 75. Kd3 Bc4+ 76. Ke3 Bb3 77. Kd3 e4+ 78. Kd2 Rc2+ 79.
Ke3 Rc3+ 80. Ke2 Rc6 81. Ke3 Bc2 82. Kd2 Bd3 83. Ke3 Ke6 84. Re8+ Kf7 85. Rd8
Ke6 86. Re8+ Kd5 87. Rd8 Ra6 88. Kd2 Bc4 89. Ke3 Ra3+ 90. Kf4 Ra6 91. Ke3 Ra3+
92. Kf4 Ra6 93. Ke3 Rb6 94. Kd2 Bd3 95. Ke3 Ra6 96. Kd2 Kc5 97. Ke3 Kd5 98. Kd2
Rc6 99. Ke3 Ra6 100. Kd2 Bc4 101. Ke3 Rc6 102. Rxd6+ Rxd6 103. Bxd6 Kxd6 104.
Kxe4 1/2-1/2